| 000 | 00937nam a2200301 a 4500 | ||
|---|---|---|---|
| 001 | 000107813 | ||
| 003 | CHAP | ||
| 005 | 20220329143944.0 | ||
| 008 | 131106s2007 ck a |r| |||||||spa d | ||
| 010 | _a104275 | ||
| 011 | _a105247 | ||
| 020 | _a9789586485296 | ||
| 040 | _cCHAP | ||
| 082 | 0 | 4 |
_a519.5 _bL61 |
| 100 | 1 |
_aLerma González, Héctor Daniel _9124522 |
|
| 245 | 1 | 0 |
_aGráficas y tablas estadísticas en Excel : _bpaso a paso / _cpor Héctor Daniel Lerma González. |
| 260 |
_aBogotá : _bEcoe, _c2007. |
||
| 300 |
_axiv, 76 p. : _bil., gráfs., tablas. |
||
| 590 |
_aE6096MTM _b05 _c20131106 _lUCH01 _h1355 |
||
| 650 | 1 | 4 |
_aEstadística _xMétodos gráficos. _938254 |
| 650 | 1 | 4 |
_aEstadística _xTablas, etc. _938258 |
| 650 | 1 | 4 |
_aExcel. _939029 |
| 650 | 1 | 4 |
_aProcesamiento automático de datos en estadística. _991776 |
| 650 | 1 | 4 |
_aProgramación (Computadoras) _992368 |
| 901 | _aBK | ||
| 942 | _cLIBRO | ||
| 942 | _n0 | ||
| 999 |
_c104275 _d104275 |
||